| 000 | 00997nam a2200157 a 4500 | ||
|---|---|---|---|
| 020 | _a1176103830 (paperback) | ||
| 020 | _a9781176103832 (paperback) | ||
| 100 | 1 | _aS, Barnard. | |
| 245 | 1 | 0 | _aHigher algebra / |
| 260 |
_a[S.l.] : _bNabu Press, _c2004. |
||
| 300 | _a602 p. ; | ||
| 520 | _aThis is a reproduction of a book published before 1923. This book may have occasional imperfections such as missing or blurred pages, poor pictures, errant marks, etc. that were either part of the original artifact, or were introduced by the scanning process. We believe this work is culturally important, and despite the imperfections, have elected to bring it back into print as part of our continuing commitment to the preservation of printed works worldwide. We appreciate your understanding of the imperfections in the preservation process, and hope you enjoy this valuable book. | ||
| 700 | 1 | _aChild, J M. | |
| 856 | 4 | 0 | _uhttp://www.amazon.com/exec/obidos/ASIN/1176103830/chopaconline-20 |
| 942 | _cBK | ||
| 999 |
_c12391 _d12391 |
||